000 00312nam a2200157Ia 4500
100 _aYuan/Michael Juntao
650 _aJava
942 _cBK
366 _f20
245 _aEnterprise J2ME
260 _bPearson Education
_c2004
082 _a5.133
_bYUA
300 _a452
546 _aENGLISH
999 _c21772
_d21772